نحو مكافحة التصحر وتنمية البادية: اليوم العلمي الأول للجمعية الأردنية لمكافحة التصحر وتنمية البادية بالتعاون مع نقابة المهندسين الزراعيين5/9/1995 (Record no. 28754)
[ view plain ]
| 000 -LEADER | |
|---|---|
| fixed length control field | 01099nam a2200205Ii 4500 |
| 003 - CONTROL NUMBER IDENTIFIER | |
| control field | JO-AjNU |
| 008 - FIXED-LENGTH DATA ELEMENTS--GENERAL INFORMATION | |
| fixed length control field | 230605s9999||||xx |||||||||||||| ||und|| |
| 017 ## - COPYRIGHT OR LEGAL DEPOSIT NUMBER | |
| Copyright or legal deposit number | 1997/7/849 |
| 040 ## - CATALOGING SOURCE | |
| Original cataloging agency | JO-AjNU |
| Language of cataloging | ara |
| Description conventions | rda |
| Transcribing agency | JO-AjNU |
| 041 ## - LANGUAGE CODE | |
| Language code of text/sound track or separate title | ara |
| 050 14 - LIBRARY OF CONGRESS CALL NUMBER | |
| Classification number | GB608.N33 1997 |
| 100 3# - MAIN ENTRY--PERSONAL NAME | |
| Personal name | الجمعية العلمية لمكافحة التصحر وتنمية البادية؛ تحرير وتدقيق محمد حرب... وآخرون, |
| Relator term | author |
| 9 (RLIN) | 56347 |
| 245 00 - TITLE STATEMENT | |
| Title | نحو مكافحة التصحر وتنمية البادية: اليوم العلمي الأول للجمعية الأردنية لمكافحة التصحر وتنمية البادية بالتعاون مع نقابة المهندسين الزراعيين5/9/1995 |
| 264 31 - PRODUCTION, PUBLICATION, DISTRIBUTION, MANUFACTURE, AND COPYRIGHT NOTICE | |
| Place of production, publication, distribution, manufacture | عمان: الجمعية الاردنية لمكافحة التصحر وتنمية البادية/ 1997 |
| 300 ## - PHYSICAL DESCRIPTION | |
| Extent | 124ص |
| Other physical details | يشتمل على جداول وخرائط توضيحية |
| 336 ## - CONTENT TYPE | |
| Content type term | text |
| Content type code | txt |
| Source | rdacontent |
| 337 ## - MEDIA TYPE | |
| Media type term | unmediated |
| Media type code | n |
| Source | rdamedia |
| 338 ## - CARRIER TYPE | |
| Carrier type term | volume |
| Carrier type code | nc |
| Source | rdacarrier |
| 650 #4 - SUBJECT ADDED ENTRY--TOPICAL TERM | |
| Topical term or geographic name entry element | البيئة الصحراوية -الاردن |
| 9 (RLIN) | 56348 |
| Withdrawn status | Lost status | Source of classification or shelving scheme | Damaged status | Not for loan | Home library | Current library | Shelving location | Date acquired | Total Checkouts | Full call number | Barcode | Date last seen | Price effective from | Koha item type |
|---|---|---|---|---|---|---|---|---|---|---|---|---|---|---|
| Library of Congress Classification | مكتبة جامعة عجلون الوطنية | مكتبة جامعة عجلون الوطنية | المجموعات العامة | 06/06/2023 | GB608.N33 1997 | A25186 | 06/06/2023 | 06/06/2023 | Books |